000
00284nam a2200109Ia 4500
003
GCL
008
140319s9999 xx 000 0 eng d
040
_a
GCL /
_c
GCL
082
0
4
_a
338.4791
_b
H H
245
1
0
_a
HETEL CATERING AND TOUNISM MANAGEMENT
260
_a
[S.N] :
_b
A AND C BLACK LIMITED
999
_c
17015
_d
17015